000 01108nam a2200241Ia 4500
008 250618t1997||||xx |||||||||||||| ||spa||
040 _agtgcusco
_bspa
_cgtgcusco
_dgtgcusco
041 _aspa
084 _aT1590
100 _aPalma López, Guillermina Giovanni
_913506
245 0 _aLesiones bucales asociadas a enfermedades de transmisión sexual en trabajadoras del sexo que son atendidas en el programa de profilaxis sexual del Centro de Salud de Escuintla, durante los meses de nov.-diciembre de 1995.
260 _aGuatemala :
_bUSAC,
_c1997
300 _a80 p. :
_bil.
_c28 cm.
336 _atexto
_btxt
_2rdacontenido
337 _aSin mediación
_bn
_2rdamedio
338 _avolumen
_bnc
_2rdasoporte
502 _aTesis (Cirujano Dentista) -- Universidad de San Carlos de Guatemala, Facultad de Odontología. --
650 _aEnfermedades transmisibles
_91125
650 _aManifestaciones bucales
_92231
700 _aÁlvarez Segura, Luis Manuel Angel
_easesor
_911174
856 _uhttp://biblioteca.usac.edu.gt/tesis/09/09_1320.pdf
942 _aBiblioteca Facultad de Odontología
_cTESIS
_kT1590
999 _c5552
_d5552